000 00750nam a2200217 a 4500
005 20240413063637.0
008 991125s1974 mx 000 0 spa u
035 _aUPN01000009993
049 _aC
050 4 _aF1226
_bR59 1974 v.1
100 1 _aChavero, Alfredo,
_d1841-1906
_930758
245 1 0 _aCompendio general de México a través de los siglos :
_bhistoria general... /
_cAlfredo Chavero.
250 _a2a ed.
260 _aMéxico :
_bValle de México,
_c1974.
300 _axxix, 604 p. :
_bil.
520 _a"Obra única en su género"
520 _a"Publicada bajo la dirección del General Don Vicente Riva Palacio"
651 4 _aMéxico
_xHistoria
_xCronología
_97932
651 4 _aMEXICO -
_xHISTORIA -
_vFUENTES
_99914
905 _aLibro
999 _c9993
_d9993